000 00486nam a2200181Ia 4500
005 20250508151256.0
008 008 250505s9999 xx 000 0 eng d
037 _aTextual
040 _aFEDL
_beng
_cFEDL
041 _aeng
_2eng
084 _a370.15, OGD
_qFEDL
100 _aOgden Robert Mark
_9758753
245 0 _aPsychology education
300 _a364p.
650 _aEducation - Psychology
_9755527
942 _cTEXL
_h370.15, OGD
999 _c1328791
_d1328791